000 00350nam a2200145Ia 4500
003 OSt
005 20240329125929.0
008 170523s9999 xx 000 0 und d
020 _a978-0470138663
040 _cIIMT UNIVERSITY MEERUT
100 _aChassaing- Rulph
245 0 _aDigital Signal Processing
260 _aWiley India
942 _2ddc
_c02
999 _c12400
_d12400